Tilastot visalle Sukunimi on Etunimi on Sukunimi - Suomi

Klikkaa tästä pelataksesi tätä visaa!

Yleistilastot

  • Tätä visaa on pelattu 262 kertaa
  • Keskiarvotulos 5 / 7

Vastaustilastot

Etunimi? Nimi ?Sukunimi% Oikein
HanneleLauriYlönen
82%
KariTapioWirkkala
81%
KatriHelenaLindgren
77%
JaakkoIlkkaKanerva
74%
JaakkoTeppoNumminen
56%
AnneliTainaOjaniemi os. Kolkkala
43%
MikaelGabrielByrne
42%

Tulosjakauma

Persentiili vastausten määrän mukaan

Jokaisen tuloksen saaneiden osuus

Tuloshistoriasi

Et ole pelannut tätä visaa